000 00837cam a2200253 i 4500
999 _c7591
_d7591
001 vtls001047360
003 NUKAT
005 20190531090903.0
008 080125s1978 ru a f |001 0 rusoc
035 _axx001047360
039 9 _a201810220023
_bAUTHORITY
_c201711080803
_dkoppw
_c201205301008
_dkoppgd
_c200801290106
_dVLOAD
040 _aŁ 30/MGa
_cŁ 30/MGa
_dŁ 30/BPa
100 1 _aMardin, Vasilij Vasil'evič.
245 1 0 _aSpravočnik po èlektronnym izmeritel'nym priboram /
_cV. V. Mardin, A. I. Krivonosov.
260 _aMoskva :
_bSvâz',
_c1978.
300 _a416 s. :
_bil. ;
_c21 cm.
504 _aIndeks.
650 _aElektrotechnika
_vporadniki.
650 _aUrządzenia elektryczne
_vporadniki.
700 1 _aKrivonosov, Alerij Ivanovič.
942 _2ddc
_cBK